Unit operations of chemical engineering (Record no. 3799)

000 -LEADER
fixed length control field 00652nam a2200241 a 4500
001 - CONTROL NUMBER
control field 3799
003 - CONTROL NUMBER IDENTIFIER
control field BD-DhUET
008 - FIXED-LENGTH DATA ELEMENTS--GENERAL INFORMATION
fixed length control field 850523s1985 nyua b 001 0 eng
020 ## - INTERNATIONAL STANDARD BOOK NUMBER
International Standard Book Number 0070448280
040 ## - CATALOGING SOURCE
Modifying agency BD-DhUET
Transcribing agency 0
082 0# - DEWEY DECIMAL CLASSIFICATION NUMBER
Classification number 660.2842
Item number MCC/1985
100 1# - MAIN ENTRY--PERSONAL NAME
Personal name McCabe, Warren L.
245 10 - TITLE STATEMENT
Title Unit operations of chemical engineering
250 ## - EDITION STATEMENT
Edition statement 4th ed.
260 ## - PUBLICATION, DISTRIBUTION, ETC. (IMPRINT)
Place of publication, distribution, etc. New York
Name of publisher, distributor, etc. McGraw-Hill
Date of publication, distribution, etc. 1985
300 ## - PHYSICAL DESCRIPTION
Extent x, 960 p.
Other physical details ill.
Dimensions 25 cm.
490 1# - SERIES STATEMENT
Series statement McGraw-Hill chemical engineering series
504 ## - BIBLIOGRAPHY, ETC. NOTE
Bibliography, etc Includes bibliographies
650 #0 - SUBJECT ADDED ENTRY--TOPICAL TERM
Topical term or geographic name as entry element Chemical Processer
700 1# - ADDED ENTRY--PERSONAL NAME
Personal name Smith, Julian C.
700 1# - ADDED ENTRY--PERSONAL NAME
Personal name Harriott, Peter.
942 ## - ADDED ENTRY ELEMENTS (KOHA)
Koha item type General Book
Holdings
Withdrawn status Piece designation (barcode) Shelving location Koha item type Koha issues (times borrowed) Source of classification or shelving scheme Lost status Koha date last seen Damaged status Not for loan Koha normalized classification for sorting Price effective from Sublocation or collection (holding branch) Copy number Location (home branch) Date acquired Koha full call number Koha date last borrowed
 72739Circulation sectionGeneral Book   2016-10-23  660_000000000000000_2842MCC1982014-11-05Central Library, BUET1Central Library, BUET2014-11-05660.2842/MCC/1985 
 77549Circulation sectionGeneral Book   2014-11-05  660_000000000000000_2842MCC1982014-11-05Central Library, BUET2Central Library, BUET2014-11-05660.2842/MCC/1985 
 77550Circulation sectionGeneral Book2  2018-12-04  660_000000000000000_2842MCC1982014-11-05Central Library, BUET3Central Library, BUET2014-11-05660.2842/MCC/19852018-11-14
 68731Reading sectionReading Item   2015-07-01  660_284200000000000_MCC_19852015-07-01Central Library, BUET4Central Library, BUET2015-07-01660.2842/MCC/1985 
 73910Rental sectionRental Item   2024-11-25  660_284200000000000_MCC_19852024-11-25Central Library, BUET৪/ক-১Central Library, BUET1989-06-27660.2842 MCC/1985 
 73911Rental sectionRental Item   2024-11-25  660_284200000000000_MCC_19852024-11-25Central Library, BUET৪/ক-২Central Library, BUET1989-06-27660.2842 MCC/1985 
 73912Rental sectionRental Item   2024-11-25  660_284200000000000_MCC_19852024-11-25Central Library, BUET৪/ক-৩Central Library, BUET1989-06-27660.2842 MCC/1985 
 73913Rental sectionRental Item   2024-11-25  660_284200000000000_MCC_19852024-11-25Central Library, BUET৪/ক-৪Central Library, BUET1989-06-27660.2842 MCC/1985 
 73914Rental sectionRental Item   2024-11-25  660_284200000000000_MCC_19852024-11-25Central Library, BUET৪/ক-৫Central Library, BUET1989-06-27660.2842 MCC/1985 
 73915Rental sectionRental Item   2024-11-25  660_284200000000000_MCC_19852024-11-25Central Library, BUET৪/ক-৬Central Library, BUET1989-06-27660.2842 MCC/1985 
 73916Rental sectionRental Item   2024-11-25  660_284200000000000_MCC_19852024-11-25Central Library, BUET৪/ক-৭Central Library, BUET1989-06-27660.2842 MCC/1985 
 73917Rental sectionRental Item   2024-11-25  660_284200000000000_MCC_19852024-11-25Central Library, BUET৪/ক-৮Central Library, BUET1989-06-27660.2842 MCC/1985 
 73918Rental sectionRental Item   2024-11-25  660_284200000000000_MCC_19852024-11-25Central Library, BUET৪/ক-৯Central Library, BUET1989-06-27660.2842 MCC/1985 
 73919Rental sectionRental Item   2024-11-25  660_284200000000000_MCC_19852024-11-25Central Library, BUET৪/ক-১০Central Library, BUET1989-06-27660.2842 MCC/1985 
 73934Rental sectionRental Item   2024-11-25  660_284200000000000_MCC_19852024-11-25Central Library, BUET৪/ক-২৫Central Library, BUET1989-06-27660.2842 MCC/1985 
 73935Rental sectionRental Item   2024-11-25  660_284200000000000_MCC_19852024-11-25Central Library, BUET৪/ক-২৬Central Library, BUET1989-06-27660.2842 MCC/1985